Statistics for Marvel Secret Invasion

Click here to take the quiz!

General Stats

  • This quiz has been taken 20 times
  • The average score is 28 of 44

Answer Stats

QuestionTileSelect% Correct
Which of these heroes was a Skrull?Spider-ManNo
93%
Which of these heroes was a Skrull?Beta Ray BillNo
87%
Which of these heroes was a Skrull?Iron ManNo
87%
Which of these heroes was a Skrull?MedusaNo
87%
Which of these heroes was a Skrull?Amadues ChoNo
80%
Which of these heroes was a Skrull?BeastNo
80%
Which of these heroes was a Skrull?DaredevilNo
80%
Which of these heroes was a Skrull?Jessica JonesNo
80%
Which of these heroes was a Skrull?Nick FuryNo
80%
Which of these heroes was a Skrull?QuasarNo
80%
Which of these heroes was a Skrull?Spider-WomanYes
80%
Which of these heroes was a Skrull?Aunt MayNo
73%
Which of these heroes was a Skrull?Captain AmericaNo
73%
Which of these heroes was a Skrull?Doctor StrangeNo
73%
Which of these heroes was a Skrull?HazmatNo
73%
Which of these heroes was a Skrull?Moon KnightNo
73%
Which of these heroes was a Skrull?Rick JonesNo
73%
Which of these heroes was a Skrull?Scarlet WitchNo
73%
Which of these heroes was a Skrull?The ThingNo
73%
Which of these heroes was a Skrull?Abigail BrandNo
67%
Which of these heroes was a Skrull?DazzlerNo
67%
Which of these heroes was a Skrull?HavokNo
67%
Which of these heroes was a Skrull?Human TorchNo
67%
Which of these heroes was a Skrull?Maria HillNo
67%
Which of these heroes was a Skrull?Mary JaneNo
67%
Which of these heroes was a Skrull?Mr FantasticNo
67%
Which of these heroes was a Skrull?Blue MarvelNo
60%
Which of these heroes was a Skrull?ElektraYes
60%
Which of these heroes was a Skrull?NovaNo
60%
Which of these heroes was a Skrull?PolarisNo
60%
Which of these heroes was a Skrull?ReptilNo
60%
Which of these heroes was a Skrull?Hank PymYes
53%
Which of these heroes was a Skrull?KarnakNo
53%
Which of these heroes was a Skrull?Black BoltYes
47%
Which of these heroes was a Skrull?Brother VoodooYes
47%
Which of these heroes was a Skrull?CleaNo
47%
Which of these heroes was a Skrull?CrystalNo
47%
Which of these heroes was a Skrull?Invisible WomanYes
47%
Which of these heroes was a Skrull?JarvisYes
47%
Which of these heroes was a Skrull?3-D ManNo
40%
Which of these heroes was a Skrull?Captain Mar-VellYes
40%
Which of these heroes was a Skrull?Dum Dum DuganYes
40%
Which of these heroes was a Skrull?LongshotYes
27%
Which of these heroes was a Skrull?She-ThingYes
13%

Score Distribution

Percentile by Number Answered

Percent of People with Each Score

Your Score History

You have not taken this quiz